Normal view
MARC view
- القانون -- معاجم
Entry Topical Term
001 - CONTROL NUMBER
- control field: 27346
003 - CONTROL NUMBER IDENTIFIER
- control field: JO-AjAnu
005 - DATE AND TIME OF LATEST TRANSACTION
- control field: 20230606074639.0
008 - FIXED-LENGTH DATA ELEMENTS
- fixed length control field: 230606|| aca||aabn | a|a d
040 ## - CATALOGING SOURCE
- Original cataloging agency: JO-AjAnu
- Transcribing agency: JO-AjAnu
150 ## - HEADING--TOPICAL TERM
- Topical term or geographic name entry element: القانون -- معاجم
670 ## - SOURCE DATA FOUND
- Source citation: Work cat.: (JO-AjAnu)14044: تأليف نخلة، موريس؛ مؤلف مشارك روحي البعلبكي، صلاح مطر, author 27345, القاموس القانوني الثلاثي : قاموس قانوني موسوعي شامل ومفصل : عربي-فرنسي-إنكليزي